Would You Rather - Multiple Choice - Statistics

General Stats
  • This quiz has been taken 1,164 times
    1,163 since last reset
  • The average score is 11 of 20
Answer Stats
Question Answer % Correct
Would you rather...? Never watch TV again
87%
Would you rather...? Take an ice cold shower
86%
Would you rather...? Sit all day
68%
Would you rather...? Play but always lose
67%
Would you rather ...? Be rich and work at a job you hate
66%
Would you rather...? Be too cold
64%
Would you rather...? Forget who you were
63%
Would you rather...? Go into the past and meet your ancestors
62%
Would you rather...? Give bad advice
61%
Would you rather...? Or with someone you don't like
61%
Would you rather...? Fully rested and late
58%
Would you rather...? Have a year's holiday on full pay
57%
Would you rather...? Be able to fly
52%
Would you rather...? Visit one day in the past
52%
Would you rather...? Have one wish granted today
42%
Would you rather...? Be able to talk to animals
39%
Would you rather...? Have more time
39%
Would you rather...? Be invisible
36%
Would you rather...? Never be able to make new ones
32%
Would you rather...? Be the most popular kid in school
31%
No matching quizzes found
Score Distribution
Percent of People with Each Score
Percentile by Number Answered
Your Score History
You have not taken this quiz since the last reset